| 000 | 00529nam a2200169 i 4500 | ||
|---|---|---|---|
| 001 | 90604 | ||
| 003 | ES-MaACL | ||
| 005 | 20230906180514.0 | ||
| 007 | t| | ||
| 008 | 050121s1969 sp ||||1| spa d | ||
| 100 | 1 |
_aLehmann, Winfred P. _971342 |
|
| 245 | 1 | 0 |
_aIntroducción a la lingüística histórica / _cWinfred P. Lehmann ; versión, Pilar Gómez Vedate. |
| 260 |
_aMadrid : _bGredos, _c[1969] |
||
| 300 |
_a354 p. : _bil. ; _c20 cm. |
||
| 700 | 1 |
_aGómez Vedate, Winfred P. _958184 |
|
| 852 |
_aES-MaACL _jC-39423 _bR.70840 |
||
| 999 |
_c90604 _d90604 |
||